[Event "Pan American-ch Seniors 2nd"]
[Site "Mar del Plata"]
[Date "2011.07.29"]
[Round "2"]
[White "Lopez Paz, Nestor"]
[Black "Cristobal, Ruben"]
[Result "0-1"]
[WhiteElo "1987"]
[BlackElo "2157"]
[PlyCount "88"]
[EventDate "2011.07.28"]
[EventType "swiss"]
[EventRounds "7"]
[EventCountry "ARG"]
[SourceTitle "EXT 2022"]
[Source "ChessBase"]
[SourceDate "2021.10.06"]
[SourceVersion "1"]
[SourceVersionDate "2021.10.06"]
[SourceQuality "1"]

1. d4 Nf6 2. Bf4 d6 3. Nf3 g6 4. h3 Bg7 5. e3 Nbd7 6. Be2 c5 7. c3 b6 8. a4 a6 9. 0-0 Bb7 10. Nbd2 0-0 11. Ne1 e5 12. dxe5 dxe5 13. Bg3 Qe7 14. Bf3 Bxf3 15. Nexf3 Nh5 16. Bh2 e4 17. Ne1 Be5 18. g3 Bc7 19. Qc2 Rfe8 20. Ng2 Ndf6 21. b3 Rad8 22. Rad1 b5 23. axb5 axb5 24. c4 b4 25. g4 Bxh2+ 26. Kxh2 Qe5+ 27. Kh1 Ng7 28. Nb1 h5 29. Rxd8 Rxd8 30. Rd1 Rxd1+ 31. Qxd1 Ne6 32. gxh5 Nxh5 33. Nd2 Qf5 34. Kg1 Ng5 35. Nf4 Nxf4 36. exf4 Nxh3+ 37. Kf1 Nxf4 38. Qa1 Qh3+ 39. Ke1 Qh1+ 40. Nf1 Qf3 41. Qa8+ Kh7 42. Ng3 Nd3+ 43. Kd2 e3+ 44. Kxd3 Qxa8 0-1

[Event "ARG-ch 79th"]
[Site "Buenos Aires"]
[Date "2004.09.29"]
[Round "7"]
[White "Soppe, Guillermo"]
[Black "Cristobal, Ruben"]
[Result "1/2-1/2"]
[WhiteElo "2409"]
[BlackElo "2316"]
[PlyCount "80"]
[EventDate "2004.09.24"]
[EventType "swiss"]
[EventRounds "9"]
[EventCountry "ARG"]
[SourceTitle "CBM 102 Extra"]
[Source "ChessBase"]
[SourceDate "2004.11.03"]
[SourceVersion "1"]
[SourceVersionDate "2004.11.03"]
[SourceQuality "1"]

1. Nf3 Nf6 2. g3 b6 3. Bg2 Bb7 4. 0-0 e6 5. d3 d5 6. Nbd2 Be7 7. Re1 0-0 8. b3 c5 9. Bb2 Nc6 10. e4 Qc7 11. a3 a6 12. Qe2 Rfd8 13. Rac1 a5 14. e5 Nd7 15. a4 Nb4 16. c3 Nc6 17. h4 Nf8 18. Qe3 Ba6 19. Nh2 Rac8 20. Ndf3 Qd7 21. Qd2 Rb8 22. h5 h6 23. Ng4 Nh7 24. Bf1 Bf8 25. Qc2 d4 26. c4 Bb7 27. Bg2 Be7 28. Qe2 Nb4 29. Rcd1 Bc6 30. Bc1 Qb7 31. Nh4 Bxh4 32. Bxc6 Nxc6 33. gxh4 Ne7 34. Kh2 Nf5 35. Qe4 Qe7 36. Rh1 Qxh4+ 37. Kg2 Qe7 38. Kf1 Kh8 39. Ke2 Qb7 40. Qxb7 Rxb7 1/2-1/2

[Event "ARG-ch 79th"]
[Site "Buenos Aires"]
[Date "2004.09.27"]
[Round "5"]
[White "Ferrara, Alexis"]
[Black "Cristobal, Ruben"]
[Result "1/2-1/2"]
[WhiteElo "2235"]
[BlackElo "2316"]
[PlyCount "49"]
[EventDate "2004.09.24"]
[EventType "swiss"]
[EventRounds "9"]
[EventCountry "ARG"]
[SourceTitle "CBM 102 Extra"]
[Source "ChessBase"]
[SourceDate "2004.11.03"]
[SourceVersion "1"]
[SourceVersionDate "2004.11.03"]
[SourceQuality "1"]

1. d4 Nf6 2. c4 e6 3. Nf3 b6 4. g3 Bb7 5. Bg2 Bb4+ 6. Bd2 Qe7 7. 0-0 Bxd2 8. Nbxd2 0-0 9. Qc2 c5 10. e4 Nc6 11. d5 Nb4 12. Qb1 d6 13. a3 Na6 14. b4 Rfe8 15. Re1 Nd7 16. b5 Nc7 17. Qd3 a6 18. a4 axb5 19. axb5 Qf8 20. Qc3 Rxa1 21. Rxa1 Ra8 22. Nf1 Rxa1 23. Qxa1 Qa8 24. Qxa8+ Bxa8 25. Ne3 1/2-1/2

[Event "Mar del Plata-ch KO"]
[Site "Mar del Plata"]
[Date "2001.11.26"]
[Round "5.1"]
[White "Cristobal, Ruben"]
[Black "Loiterstein, Mariano"]
[Result "1/2-1/2"]
[WhiteElo "2342"]
[BlackElo "2244"]
[PlyCount "130"]
[EventDate "2001.10.31"]
[EventType "k.o."]
[EventRounds "5"]
[EventCountry "ARG"]
[SourceTitle "EXT 2003"]
[Source "ChessBase"]
[SourceDate "2002.11.25"]
[SourceVersion "1"]
[SourceVersionDate "2002.11.25"]
[SourceQuality "1"]

1. Nf3 c5 2. c4 Nf6 3. g3 b6 4. Bg2 Bb7 5. 0-0 e6 6. b3 d6 7. Bb2 Be7 8. e3 0-0 9. d4 Nbd7 10. Nbd2 Qc7 11. Qe2 Rac8 12. Rac1 Rfe8 13. Rfd1 Qb8 14. Bh3 Rcd8 15. e4 cxd4 16. Nxd4 Qa8 17. f3 a6 18. Nf1 Bf8 19. Rd2 Ne5 20. Ne3 Ng6 21. Ndc2 Qb8 22. Qd1 Be7 23. Bg2 Nd7 24. Nd4 Nc5 25. b4 Nd7 26. a3 Rc8 27. Nb3 Bc6 28. Nd4 Bb7 29. f4 Nf6 30. f5 Nf8 31. fxe6 fxe6 32. e5 dxe5 33. Nf3 Ne4 34. Bxe5 Qa8 35. Rdc2 Red8 36. Qe2 a5 37. Bd4 Ng5 38. Nd5 exd5 39. Qxe7 Nxf3+ 40. Bxf3 Rd7 41. Qe3 dxc4 42. Bxb7 Qxb7 43. bxa5 bxa5 44. Rxc4 Rcd8 45. Rf1 Qd5 46. Qc1 Re7 47. Bc5 Re2 48. Bf2 Ne6 49. Rc8 Rd2 50. Qc4 Qxc4 51. Rxc4 h5 52. h4 R8d3 53. Re1 Rf3 54. Rc8+ Kh7 55. Rxe6 Rfxf2 56. Re5 Rg2+ 57. Kf1 Rxg3 58. Rxh5+ Kg6 59. Rxa5 Rh3 60. h5+ Kh7 61. Kg1 Rb3 62. Rf8 Ra2 63. a4 Rb1+ 64. Rf1 Rbb2 65. Rg5 Rxa4 1/2-1/2

[Event "Mar del Plata zt 2.5"]
[Site "Mar del Plata"]
[Date "2001.08.25"]
[Round "6"]
[White "Cristobal, Ruben"]
[Black "Cubas, Jose Fernando"]
[Result "0-1"]
[WhiteElo "2342"]
[BlackElo "2290"]
[PlyCount "98"]
[EventDate "2001.08.25"]
[EventType "tourn"]
[EventRounds "10"]
[EventCountry "ARG"]
[EventCategory "6"]
[SourceTitle "EXT 2002"]
[Source "ChessBase"]
[SourceDate "2001.11.25"]
[SourceVersion "1"]
[SourceVersionDate "2001.11.25"]
[SourceQuality "1"]

1. Nf3 d5 2. d4 Nf6 3. Bg5 Nbd7 4. e3 e6 5. Nbd2 Be7 6. Bd3 0-0 7. 0-0 h6 8. Bh4 c5 9. c3 b6 10. Qe2 Bb7 11. Ne5 Nxe5 12. dxe5 Ne4 13. Bxe7 Qxe7 14. Rad1 Rad8 15. f4 Bc6 16. Nf3 b5 17. Qc2 Rc8 18. a3 a5 19. Rb1 a4 20. Rfd1 Rfd8 21. Rbc1 Qb7 22. Qe2 Qb6 23. Qe1 Rd7 24. Rc2 Rcd8 25. h3 Bb7 26. Nh2 d4 27. exd4 cxd4 28. c4 Nc5 29. cxb5 Nxd3 30. Rxd3 Qxb5 31. Rcd2 Ba6 32. Rg3 Qc5 33. Ng4 Kh8 34. Kh2 Rc8 35. Qd1 Qc1 36. Qxc1 Rxc1 37. Nf2 d3 38. Ne4 Rdc7 39. Rf3 R1c2 40. Rff2 Rxd2 41. Rxd2 Rc2 42. Rd1 Bb7 43. Nd2 Kg8 44. Kg3 Kf8 45. Nf3 Be4 46. Nd2 Bd5 47. Nf3 Rxb2 48. Rxd3 Rb3 49. Ne1 Be4 0-1

[Event "Mar del Plata zt 2.5"]
[Site "Mar del Plata"]
[Date "2001.08.25"]
[Round "2"]
[White "Rosito, Jorge"]
[Black "Cristobal, Ruben"]
[Result "1-0"]
[WhiteElo "2400"]
[BlackElo "2342"]
[PlyCount "99"]
[EventDate "2001.08.25"]
[EventType "tourn"]
[EventRounds "10"]
[EventCountry "ARG"]
[EventCategory "6"]
[SourceTitle "EXT 2002"]
[Source "ChessBase"]
[SourceDate "2001.11.25"]
[SourceVersion "1"]
[SourceVersionDate "2001.11.25"]
[SourceQuality "1"]

1. e4 Nc6 2. Nf3 d6 3. d4 Nf6 4. Nc3 Bg4 5. Be3 e6 6. h3 Bxf3 7. Qxf3 d5 8. e5 Nd7 9. Qg3 Nb6 10. a3 Qd7 11. b3 0-0-0 12. Bb5 f5 13. Ne2 Rg8 14. h4 Kb8 15. Kd2 a6 16. Bd3 Na5 17. Nf4 g6 18. Qf3 Rc8 19. g4 Bh6 20. gxf5 Bxf4 21. Qxf4 gxf5 22. Rhg1 Qe7 23. Rg5 Nd7 24. Qg3 Qf7 25. Rg1 Rxg5 26. Qxg5 Rf8 27. Bf4 c5 28. Be2 Qe8 29. dxc5 Nxc5 30. f3 Nc6 31. Qh6 Rf7 32. Rg7 Qd7 33. Rxf7 Qxf7 34. h5 Nd7 35. Bh2 Ndxe5 36. Qe3 Qc7 37. f4 d4 38. Qg1 Nf7 39. Qg8+ Nfd8 40. Qh8 Ka7 41. b4 Qe7 42. Bg3 e5 43. Bf2 Ne6 44. fxe5 Qg5+ 45. Kd1 Qg2 46. Qe8 Qxf2 47. Qxe6 Qg1+ 48. Kd2 Qe3+ 49. Kd1 Qxe5 50. Qf7 1-0

[Event "Mar del Plata-ch55 Mayor"]
[Site "Mar del Plata"]
[Date "2000.11.27"]
[Round "10"]
[White "Cristobal, Ruben"]
[Black "Bonifazi, Mariano"]
[Result "1-0"]
[WhiteElo "2289"]
[BlackElo "2051"]
[PlyCount "75"]
[EventDate "2000.11.06"]
[EventType "tourn"]
[EventRounds "10"]
[EventCountry "ARG"]
[SourceTitle "CBM 079 Extra"]
[Source "ChessBase"]
[SourceDate "2001.01.11"]
[SourceVersion "2"]
[SourceVersionDate "2001.01.25"]
[SourceQuality "1"]

1. e4 c6 2. d3 e5 3. Nf3 Nf6 4. Nbd2 d6 5. g3 g6 6. Bg2 Bg7 7. 0-0 0-0 8. c3 Nbd7 9. d4 Qc7 10. Re1 b5 11. a4 Bb7 12. b3 Rfe8 13. Bb2 a6 14. Qc2 Rac8 15. Bh3 c5 16. d5 Rf8 17. Ra2 Qb6 18. Qd3 c4 19. bxc4 bxc4 20. Nxc4 Qb3 21. Nfd2 Qxa2 22. Ra1 Nc5 23. Qc2 Qxa1+ 24. Bxa1 Rcd8 25. Na5 Rb8 26. f3 Rfe8 27. Ndc4 Bf8 28. Bb2 Nfd7 29. Ba3 Nf6 30. Nc6 Bxc6 31. dxc6 Ne6 32. Bxd6 Rbc8 33. Bxf8 Rxc6 34. Nxe5 Nd4 35. Qa2 Nxf3+ 36. Nxf3 Rxf8 37. e5 Rxc3 38. Ng5 1-0

[Event "Mar del Plata-ch55 Mayor"]
[Site "Mar del Plata"]
[Date "2000.11.17"]
[Round "6"]
[White "Cristobal, Ruben"]
[Black "Corsi Ferrari, Alejandro"]
[Result "1-0"]
[WhiteElo "2289"]
[BlackElo "2160"]
[PlyCount "79"]
[EventDate "2000.11.06"]
[EventType "tourn"]
[EventRounds "10"]
[EventCountry "ARG"]
[SourceTitle "CBM 079 Extra"]
[Source "ChessBase"]
[SourceDate "2001.01.11"]
[SourceVersion "2"]
[SourceVersionDate "2001.01.25"]
[SourceQuality "1"]

1. c4 b6 2. Nc3 Bb7 3. d4 e6 4. a3 f5 5. Nf3 Nf6 6. g3 Ne4 7. Qc2 Nc6 8. Bg2 Na5 9. b3 g5 10. 0-0 g4 11. Ne1 Nxc3 12. Qxc3 Qf6 13. Bb2 Bg7 14. Bxb7 Nxb7 15. f3 h5 16. Ng2 c5 17. e3 gxf3 18. Rxf3 Nd6 19. Raf1 Ne4 20. Qc2 Ng5 21. Qe2 Nxf3+ 22. Qxf3 Ke7 23. Nf4 h4 24. g4 fxg4 25. Qe4 Qh6 26. Ng6+ Kd6 27. dxc5+ bxc5 28. Be5+ Bxe5 29. Qxe5+ Kc6 30. Qe4+ Kb6 31. Nxh8 Qxh8 32. Rd1 Rf8 33. b4 g3 34. bxc5+ Kxc5 35. Qb7 gxh2+ 36. Kh1 Rf1+ 37. Rxf1 Kxc4 38. Rf4+ Kd3 39. Qb3+ Ke2 40. Qc2+ 1-0

[Event "Mar del Plata-ch55 Mayor"]
[Site "Mar del Plata"]
[Date "2000.11.06"]
[Round "1"]
[White "Corsi Ferrari, Alejandro"]
[Black "Cristobal, Ruben"]
[Result "0-1"]
[WhiteElo "2160"]
[BlackElo "2289"]
[PlyCount "44"]
[EventDate "2000.11.06"]
[EventType "tourn"]
[EventRounds "10"]
[EventCountry "ARG"]
[SourceTitle "CBM 079 Extra"]
[Source "ChessBase"]
[SourceDate "2001.01.11"]
[SourceVersion "2"]
[SourceVersionDate "2001.01.25"]
[SourceQuality "1"]

1. d4 c5 2. d5 g6 3. c4 Bg7 4. Nc3 d6 5. e4 Bxc3+ 6. bxc3 Qa5 7. Qb3 Nf6 8. Bd3 0-0 9. Ne2 Nbd7 10. f4 a6 11. 0-0 b5 12. cxb5 axb5 13. Qxb5 Qxb5 14. Bxb5 Nxe4 15. c4 Nb6 16. f5 Bxf5 17. Rf4 h5 18. a4 Rfb8 19. Ra3 Ra7 20. Re3 Nf6 21. Bb2 Ng4 22. Rxg4 Bxg4 0-1

[Event "Mar del Plata-ch"]
[Site "Mar del Plata"]
[Date "1999.11.26"]
[Round "6"]
[White "Cristobal, Ruben"]
[Black "Palermo, Vicente"]
[Result "1/2-1/2"]
[WhiteElo "2260"]
[BlackElo "2220"]
[PlyCount "107"]
[EventDate "1999.11.18"]
[EventType "tourn"]
[EventRounds "14"]
[EventCountry "ARG"]
[EventCategory "2"]
[SourceTitle "CBM 073 Extra"]
[Source "ChessBase"]
[SourceDate "2000.01.11"]
[SourceVersion "1"]
[SourceVersionDate "2000.01.11"]
[SourceQuality "1"]

1. d4 f5 2. c4 Nf6 3. Nc3 g6 4. g3 Bg7 5. Bg2 Nc6 6. Nf3 0-0 7. 0-0 d6 8. Ne1 Nd7 9. Nc2 e5 10. e3 Nf6 11. d5 Ne7 12. f4 Nd7 13. Qd2 a5 14. b3 e4 15. Rf2 Nc5 16. Bf1 Kh8 17. Bb2 Ng8 18. Nd1 Bxb2 19. Nxb2 Qf6 20. Nd4 a4 21. b4 a3 22. Nd1 Na4 23. Rb1 Bd7 24. Rb3 Nb6 25. Qc1 c6 26. dxc6 bxc6 27. c5 Nd5 28. Bc4 Nge7 29. Bxd5 Nxd5 30. Nc3 Nxb4 31. Nxe4 Nxa2 32. Rxa2 fxe4 33. Rbxa3 Rxa3 34. Rxa3 Rb8 35. Rc3 d5 36. Rb3 Qf8 37. Qb2 Rxb3 38. Nxb3+ Kg8 39. Qe5 Qa8 40. Qc7 Bh3 41. Qa5 Qc8 42. Kf2 Qg4 43. Nd4 Qd1 44. Qe1 Qa4 45. Qb1 Qa5 46. Qb8+ Kf7 47. Qb7+ Kg8 48. Qb2 Qxc5 49. Qb8+ Kf7 50. Qc7+ Kg8 51. Qxc6 Qa5 52. Qe8+ Kg7 53. Qe7+ Kg8 54. Qe8+ 1/2-1/2

[Event "Mar del Plata op 30th"]
[Site "Mar del Plata"]
[Date "1999.04.01"]
[Round "6"]
[White "Peralta, Fernando"]
[Black "Cristobal, Ruben"]
[Result "1/2-1/2"]
[WhiteElo "2433"]
[BlackElo "2260"]
[PlyCount "64"]
[EventDate "1999.03.??"]
[EventType "team"]
[EventRounds "9"]
[EventCountry "ARG"]
[SourceTitle "EXT 2000"]
[Source "ChessBase"]
[SourceDate "1999.11.16"]
[SourceVersion "1"]
[SourceVersionDate "1999.11.16"]
[SourceQuality "1"]

1. d4 c5 2. d5 e5 3. e4 d6 4. Nc3 Be7 5. Nf3 Bg4 6. h3 Bxf3 7. Qxf3 a6 8. Qg3 Bf6 9. a4 Ne7 10. h4 Nd7 11. Qf3 h5 12. g3 g6 13. Bh3 Bg7 14. 0-0 0-0 15. Bg5 Kh7 16. a5 Qe8 17. Na4 f6 18. Bd2 f5 19. Bg5 Bf6 20. Bd2 Bg7 21. Qe2 Nf6 22. Nb6 Nxe4 23. Nxa8 Qxa8 24. Bg2 Nxd2 25. Qxd2 e4 26. Rad1 Qd8 27. Kh2 Be5 28. Kh1 Ng8 29. b4 c4 30. Qe2 Qc7 31. Qe3 Nf6 32. Bh3 Rf7 1/2-1/2

[Event "Mar del Plata"]
[Site "Mar del Plata"]
[Date "1999.??.??"]
[Round "5"]
[White "Cristobal, Ruben"]
[Black "Romero, Martin"]
[Result "0-1"]
[WhiteElo "2260"]
[BlackElo "2185"]
[PlyCount "108"]
[EventDate "1999.??.??"]
[EventType "tourn"]
[EventRounds "7"]
[EventCountry "ARG"]
[SourceTitle "EXT 2001"]
[Source "ChessBase"]
[SourceDate "2000.11.22"]
[SourceVersion "1"]
[SourceVersionDate "2000.11.22"]
[SourceQuality "1"]

1. e4 c5 2. f4 e6 3. Nf3 Nc6 4. Nc3 Nge7 5. Bb5 Nd4 6. Nxd4 cxd4 7. Ne2 Qb6 8. Bd3 Nc6 9. 0-0 Nb4 10. Rf3 d5 11. e5 Bd7 12. Kh1 Rc8 13. b3 Nxd3 14. cxd3 Bc5 15. Bb2 0-0 16. Qg1 Qa5 17. Qe1 Qb4 18. Rd1 Bb6 19. f5 exf5 20. Qh4 Rc2 21. Rh3 h6 22. Bc3 Qa3 23. Bxd4 Bxd4 24. Nxd4 Rc1 25. Qe1 Rfc8 26. Ne2 Rxd1 27. Qxd1 f4 28. Rf3 g5 29. h3 Qxa2 30. Nc3 Qb2 31. d4 b5 32. Rf1 Be6 33. Qf3 Qxb3 34. Rb1 Qc2 35. Rxb5 Qxd2 36. Rc5 Qe1+ 37. Kh2 Rxc5 38. dxc5 Qxe5 39. Nb5 d4 40. Nxa7 Qxc5 41. Nc6 Qd6 42. Qe4 d3 43. Nd4 d2 44. Qd3 f3+ 45. Kg1 Bxh3 46. Qxd2 Bxg2 47. Qe3 Qf6 48. Qe8+ Kg7 49. Qe3 g4 50. Kf2 Qh4+ 51. Kg1 Qg5 52. Qc3 Qe5 53. Qd3 Qe1+ 54. Kh2 g3# 0-1

[Event "Mar del Plata"]
[Site "Mar del Plata"]
[Date "1999.??.??"]
[Round "4"]
[White "Loiterstein, Mariano"]
[Black "Cristobal, Ruben"]
[Result "1/2-1/2"]
[WhiteElo "2280"]
[BlackElo "2260"]
[PlyCount "100"]
[EventDate "1999.??.??"]
[EventType "tourn"]
[EventRounds "7"]
[EventCountry "ARG"]
[SourceTitle "EXT 2001"]
[Source "ChessBase"]
[SourceDate "2000.11.22"]
[SourceVersion "1"]
[SourceVersionDate "2000.11.22"]
[SourceQuality "1"]

1. d4 c5 2. d5 e5 3. e4 d6 4. Nc3 g6 5. Be2 a6 6. a4 b6 7. Bg4 Nf6 8. Bxc8 Qxc8 9. f4 exf4 10. Bxf4 Nh5 11. Be3 Bg7 12. Nf3 0-0 13. Nd2 Re8 14. 0-0 Nd7 15. Nc4 Be5 16. Qf3 Re7 17. Bh6 Bd4+ 18. Kh1 Ne5 19. Nxe5 Bxe5 20. Nd1 f6 21. Ne3 Rf7 22. Nc4 Qc7 23. Qg4 Re8 24. c3 Ng7 25. Qh4 Ref8 26. Rf3 b5 27. axb5 axb5 28. Ne3 b4 29. Ng4 bxc3 30. bxc3 f5 31. Nxe5 dxe5 32. Raf1 fxe4 33. Qxe4 Rxf3 34. Rxf3 Rxf3 35. Qxf3 Nf5 36. Bg5 Qb7 37. g4 Nd6 38. Bh6 Qb1+ 39. Kg2 Qc2+ 40. Kg1 Nf7 41. g5 Qf5 42. Qe3 Qg4+ 43. Kf2 Qh4+ 44. Kg2 Qg4+ 45. Kf2 Qf5+ 46. Kg1 c4 47. Qc5 Nxg5 48. Qxc4 Nf3+ 49. Kg2 Ne1+ 50. Kg1 Nf3+ 1/2-1/2

[Event "Mar del Plata op"]
[Site "Mar del Plata"]
[Date "1998.04.06"]
[Round "3"]
[White "Cristobal, Ruben"]
[Black "Szmetan, Jorge"]
[Result "0-1"]
[WhiteElo "2260"]
[BlackElo "2420"]
[PlyCount "50"]
[EventDate "1998.04.04"]
[EventType "swiss"]
[EventRounds "9"]
[EventCountry "ARG"]
[SourceTitle "CBM 063 Extra"]
[Source "ChessBase"]
[SourceDate "1998.04.29"]
[SourceVersion "1"]
[SourceVersionDate "1998.04.29"]
[SourceQuality "1"]

1. e4 Nf6 2. e5 Nd5 3. d4 d6 4. c4 Nb6 5. exd6 cxd6 6. Nc3 g6 7. Be3 Bg7 8. Rc1 0-0 9. Nf3 Bg4 10. Be2 Nc6 11. b3 d5 12. c5 Nc8 13. h3 Bxf3 14. Bxf3 e6 15. Qd2 N8e7 16. g4 e5 17. Ne2 f5 18. Bh6 Bxh6 19. Qxh6 f4 20. 0-0 e4 21. Nxf4 Nxd4 22. Bd1 Nec6 23. Ng2 Ne5 24. b4 Nef3+ 25. Kh1 Qc7 0-1

[Event "Mar del Plata op"]
[Site "Mar del Plata"]
[Date "1997.??.??"]
[Round "2"]
[White "Cristobal, Ruben"]
[Black "Spangenberg, Hugo"]
[Result "0-1"]
[WhiteElo "2245"]
[BlackElo "2550"]
[PlyCount "80"]
[EventDate "1997.03.??"]
[EventType "swiss"]
[EventRounds "9"]
[EventCountry "ARG"]
[SourceTitle "EXT 1998"]
[Source "ChessBase"]
[SourceDate "1997.11.17"]
[SourceVersion "1"]
[SourceVersionDate "1997.11.17"]
[SourceQuality "1"]

1. Nf3 d6 2. d4 Bg4 3. Nbd2 Nf6 4. g3 Nc6 5. c3 e5 6. Bg2 e4 7. Ng5 d5 8. f3 exf3 9. exf3 Bf5 10. Nf1 h6 11. Ne3 Bd7 12. Nh3 Bd6 13. Qd3 Ne7 14. Nf2 c6 15. b3 Be6 16. 0-0 Qd7 17. Re1 0-0 18. Bb2 Nf5 19. Nfg4 Nxg4 20. Nxg4 c5 21. Ne5 Qc7 22. f4 Ne7 23. h3 Bf5 24. Qd2 cxd4 25. cxd4 Rac8 26. Rac1 Qb8 27. Nd3 Rc6 28. Nc5 Qc7 29. Qf2 h5 30. Bf3 Bg6 31. h4 Rc8 32. Kg2 a5 33. Qe2 b6 34. Na4 Bb4 35. Rf1 Qd7 36. Rxc6 Rxc6 37. Rc1 Re6 38. Qf2 Nf5 39. Ra1 Ne3+ 40. Kg1 Ng4 0-1